[Event "Tenerife-chT Preferente 1819"]
[Site "Tenerife"]
[Date "2019.01.12"]
[Round "4.1"]
[White "Rioboo de la Riva, Alvaro"]
[Black "Lestao Balseiro, Adrian"]
[Result "1/2-1/2"]
[WhiteElo "2225"]
[BlackElo "2226"]
[PlyCount "40"]
[EventDate "2018.11.24"]
[EventType "team-tourn"]
[EventRounds "14"]
[EventCountry "ESP"]
[SourceTitle "CBM 189 Extra"]
[Source "ChessBase"]
[SourceDate "2019.06.03"]
[SourceVersion "1"]
[SourceVersionDate "2019.06.03"]
[SourceQuality "1"]
[WhiteTeam "El Sauzal Libreria Barco"]
[BlackTeam "Rey Ahogado"]
[WhiteTeamCountry "ESP"]
[BlackTeamCountry "ESP"]

1. e4 e5 2. Nf3 Nc6 3. d4 exd4 4. Nxd4 Nf6 5. Nxc6 bxc6 6. Bd3 d5 7. e5 Ng4 8. 0-0 Bc5 9. Bf4 f6 10. e6 Bxe6 11. h3 Ne5 12. Bxe5 fxe5 13. Qh5+ Kd7 14. Qxe5 Qf6 15. Qxf6 gxf6 16. Nd2 a5 17. Kh2 a4 18. Rae1 a3 19. b3 Rae8 20. Nf3 Bf7 1/2-1/2

[Event "Tenerife-chT Preferente 1718"]
[Site "Tenerife"]
[Date "2018.02.10"]
[Round "9.1"]
[White "Rioboo de la Riva, Alvaro"]
[Black "Fernandez Garcia, Jose Luis"]
[Result "0-1"]
[WhiteElo "2243"]
[BlackElo "2422"]
[PlyCount "66"]
[EventDate "2017.11.11"]
[EventType "team-tourn"]
[EventRounds "14"]
[EventCountry "ESP"]
[SourceTitle "EXT 2019"]
[Source "ChessBase"]
[SourceDate "2018.10.10"]
[SourceVersion "1"]
[SourceVersionDate "2018.10.10"]
[SourceQuality "1"]
[WhiteTeam "El Sauzal Gofio Plus"]
[BlackTeam "Fundacion La Caja de Canarias"]
[WhiteTeamCountry "ESP"]
[BlackTeamCountry "ESP"]

1. e4 c5 2. c3 Nf6 3. d3 Nc6 4. Nf3 d5 5. Qc2 Bg4 6. Be2 e6 7. Bg5 Be7 8. Nbd2 h6 9. Bh4 g5 10. Bg3 Nh5 11. Qa4 Qd7 12. Nf1 Nxg3 13. Nxg3 h5 14. h3 Bxf3 15. Bxf3 Ne5 16. Qxd7+ Kxd7 17. exd5 Nxf3+ 18. gxf3 exd5 19. 0-0-0 Bd6 20. Rhe1 Rae8 21. c4 h4 22. Nf5 Bf4+ 23. Kb1 d4 24. b4 b6 25. bxc5 bxc5 26. Re4 Re5 27. Rxe5 Bxe5 28. Re1 f6 29. f4 gxf4 30. Rg1 f3 31. Rg4 Rh5 32. Nxh4 f5 33. Nxf5 Rxf5 0-1

[Event "Tenerife-chT Preferente 1718"]
[Site "Tenerife"]
[Date "2017.12.02"]
[Round "3.1"]
[White "Rioboo de la Riva, Alvaro"]
[Black "Mendoza Contreras, Lucas Eduardo"]
[Result "0-1"]
[WhiteElo "2243"]
[BlackElo "2133"]
[PlyCount "110"]
[EventDate "2017.11.11"]
[EventType "team-tourn"]
[EventRounds "14"]
[EventCountry "ESP"]
[SourceTitle "EXT 2019"]
[Source "ChessBase"]
[SourceDate "2018.10.10"]
[SourceVersion "1"]
[SourceVersionDate "2018.10.10"]
[SourceQuality "1"]
[WhiteTeam "El Sauzal Gofio Plus"]
[BlackTeam "Canarias 64"]
[WhiteTeamCountry "ESP"]
[BlackTeamCountry "ESP"]

1. e4 e5 2. d4 exd4 3. Qxd4 Nc6 4. Qe3 Nf6 5. Bd2 Be7 6. Nc3 0-0 7. 0-0-0 d5 8. exd5 Nxd5 9. Qg3 Bd6 10. Qf3 Nxc3 11. Bxc3 Qg5+ 12. Bd2 Qg4 13. Qxg4 Bxg4 14. Ne2 Rfe8 15. f3 Be6 16. Nc3 a6 17. Kb1 Rad8 18. Bg5 f6 19. Bc1 Be5 20. Rxd8 Rxd8 21. Ne4 Bd4 22. Bf4 Nb4 23. a3 Be5 24. Bd2 f5 25. Be2 Nc6 26. Bg5 fxe4 27. Bxd8 Nxd8 28. fxe4 Nf7 29. h3 Nd6 30. Rd1 Nxe4 31. Bf3 Nc5 32. b4 Na4 33. Re1 Nc3+ 34. Ka1 Ne2+ 35. Kb1 Nc3+ 36. Kc1 Bf4+ 37. Kb2 Na4+ 38. Ka1 Bf5 39. Bd5+ Kf8 40. Bb3 Nb6 41. Rf1 g5 42. g3 Bxh3 43. Rf2 h5 44. gxf4 g4 45. Rd2 g3 46. Rd1 Ke7 47. Rh1 Bg4 48. Kb2 Bf3 49. Re1+ Kf6 50. Be6 Nd5 51. Bxd5 Bxd5 52. Kc3 h4 53. Kd4 Bc6 54. Re5 g2 55. Rg5 h3 0-1

[Event "Madrid-chT 1516"]
[Site "Madrid"]
[Date "2016.03.05"]
[Round "13.11"]
[White "Rioboo de la Riva, Alvaro"]
[Black "Granda Zuniga, Julio E"]
[Result "0-1"]
[WhiteElo "2279"]
[BlackElo "2678"]
[PlyCount "54"]
[EventDate "2015.11.22"]
[EventType "team-tourn"]
[EventRounds "14"]
[EventCountry "ESP"]
[SourceTitle "EXT 2017"]
[Source "ChessBase"]
[SourceDate "2016.10.25"]
[SourceVersion "1"]
[SourceVersionDate "2016.10.25"]
[SourceQuality "1"]
[WhiteTeam "Villalba 64"]
[BlackTeam "Collado Villalba"]
[WhiteTeamCountry "ESP"]
[BlackTeamCountry "ESP"]

1. e4 c5 2. c3 Nf6 3. d3 Nc6 4. Bg5 e5 5. Bxf6 Qxf6 6. g3 h5 7. h4 g6 8. Nd2 Bh6 9. a4 0-0 10. Nc4 Rd8 11. Bg2 d6 12. Ne3 Bxe3 13. fxe3 Bg4 14. Qc2 Kg7 15. Nf3 Qe7 16. 0-0 f6 17. Rf2 Rg8 18. Raf1 Raf8 19. Qd2 Nd8 20. d4 Bd7 21. b3 Nf7 22. Rd1 Bc6 23. d5 Bd7 24. Qd3 Nh6 25. Kf1 f5 26. Ke1 fxe4 27. Qxe4 Nf5 0-1

[Event "Madrid-chT 1415"]
[Site "Madrid"]
[Date "2015.03.15"]
[Round "14.4"]
[White "Elguezabal Varela, Daniel"]
[Black "Rioboo de la Riva, Alvaro"]
[Result "1-0"]
[WhiteElo "2356"]
[BlackElo "2270"]
[PlyCount "89"]
[EventDate "2014.11.23"]
[EventType "team-tourn"]
[EventRounds "14"]
[EventCountry "ESP"]
[SourceTitle "EXT 2016"]
[Source "ChessBase"]
[SourceDate "2015.10.08"]
[SourceVersion "1"]
[SourceVersionDate "2015.10.08"]
[SourceQuality "1"]
[WhiteTeam "Casa del Ajedrez"]
[BlackTeam "Villalba 64"]
[WhiteTeamCountry "ESP"]
[BlackTeamCountry "ESP"]

1. d4 Nf6 2. Nf3 g6 3. Bg5 Bg7 4. Nbd2 d5 5. e3 0-0 6. Bd3 b6 7. c3 c5 8. 0-0 Nc6 9. Re1 h6 10. Bh4 Bb7 11. Bg3 Nh5 12. Be5 c4 13. Bxg7 Nxg7 14. Bc2 f5 15. Ba4 Nb8 16. Ne5 Rf6 17. b3 a6 18. bxc4 dxc4 19. Bc2 b5 20. a4 Nd7 21. Nxd7 Qxd7 22. axb5 axb5 23. Rxa8+ Bxa8 24. e4 Ra6 25. Nf3 Qb7 26. Qd2 Kh7 27. Qf4 g5 28. Qd2 f4 29. h4 Kg8 30. hxg5 hxg5 31. Nxg5 Qc7 32. e5 Nh5 33. Qe2 f3 34. Nxf3 Rh6 35. Qe3 Rh8 36. Qg5+ Ng7 37. Be4 Bxe4 38. Rxe4 b4 39. Rg4 Rh7 40. Qg6 Qc8 41. Ng5 Qf5 42. Nxh7 Qxg6 43. Rxg6 bxc3 44. Rc6 Kxh7 45. Rxc4 1-0

[Event "Madrid-chT 1314"]
[Site "Madrid"]
[Date "2014.03.02"]
[Round "12.44"]
[White "Rioboo de la Riva, Alvaro"]
[Black "Pena Gomez, Manuel"]
[Result "0-1"]
[WhiteElo "2282"]
[BlackElo "2417"]
[PlyCount "95"]
[EventDate "2013.11.16"]
[EventType "team-tourn"]
[EventRounds "14"]
[EventCountry "ESP"]
[SourceTitle "EXT 2015"]
[Source "ChessBase"]
[SourceDate "2014.11.20"]
[SourceVersion "1"]
[SourceVersionDate "2014.11.20"]
[SourceQuality "1"]
[WhiteTeam "Villalba 64"]
[BlackTeam "Collado Villalba"]
[WhiteTeamCountry "ESP"]
[BlackTeamCountry "ESP"]

1. e4 c5 2. c3 Nf6 3. e5 Nd5 4. Nf3 e6 5. d4 cxd4 6. Qxd4 d6 7. Bb5+ Bd7 8. Bxd7+ Nxd7 9. exd6 Qb6 10. 0-0 Qxd4 11. Nxd4 Bxd6 12. c4 Nb4 13. a3 Nd3 14. Nc3 Be5 15. Nce2 Rd8 16. Rd1 N7c5 17. b4 Bxd4 18. Nxd4 Rxd4 19. bxc5 Nxc1 20. Raxc1 Rxd1+ 21. Rxd1 Ke7 22. Rb1 Rb8 23. Rb3 Kd7 24. Rf3 Rf8 25. Rh3 h6 26. Rg3 g6 27. Rd3+ Kc6 28. g4 Re8 29. Rd6+ Kc7 30. Kg2 Rd8 31. Rxd8 Kxd8 32. Kf3 Kc7 33. Ke4 f6 34. h4 Kc6 35. Kd4 e5+ 36. Ke4 Kxc5 37. h5 gxh5 38. gxh5 Kxc4 39. Kf5 Kd5 40. a4 e4 41. Kg6 Ke6 42. Kxh6 Kf7 43. Kh7 f5 44. a5 f4 45. h6 f3 46. a6 bxa6 47. Kh8 e3 48. h7 0-1

[Event "Madrid-chT 1314"]
[Site "Madrid"]
[Date "2014.02.22"]
[Round "11.14"]
[White "Madurga Lopez, Ignacio"]
[Black "Rioboo de la Riva, Alvaro"]
[Result "0-1"]
[WhiteElo "2088"]
[BlackElo "2282"]
[PlyCount "76"]
[EventDate "2013.11.16"]
[EventType "team-tourn"]
[EventRounds "14"]
[EventCountry "ESP"]
[SourceTitle "EXT 2015"]
[Source "ChessBase"]
[SourceDate "2014.11.20"]
[SourceVersion "1"]
[SourceVersionDate "2014.11.20"]
[SourceQuality "1"]
[WhiteTeam "Vallecas CDV"]
[BlackTeam "Villalba 64"]
[WhiteTeamCountry "ESP"]
[BlackTeamCountry "ESP"]

1. e4 e6 2. d4 d5 3. e5 c5 4. c3 Nc6 5. Nf3 Bd7 6. a3 Nge7 7. b4 cxd4 8. cxd4 Qb6 9. Bb2 Na5 10. Qc2 Nc4 11. Bxc4 dxc4 12. Nbd2 Nd5 13. Nxc4 Qa6 14. Nfd2 Rc8 15. Qb3 Ba4 16. Qa2 Bb5 17. Rc1 Bxb4 18. Nd6+ Kd7 19. Rxc8 Rxc8 20. Nxc8 Kxc8 21. Qb3 Ba5 22. Kd1 Qc6 23. Qc2 Nc3+ 24. Bxc3 Ba4 25. Nb3 Bxc3 26. Ke2 Qc4+ 27. Qd3 Qxb3 28. Rb1 Qxa3 29. Qxh7 Qa2+ 30. Kf3 Kc7 31. Kg3 Bxd4 32. Rxb7+ Kxb7 33. Qe4+ Bc6 34. Qxd4 a5 35. Qd8 Qd5 36. Qe7+ Kb6 37. f3 Qxe5+ 38. Kf2 Qc5+ 0-1

[Event "ESP-ch 78th"]
[Site "Linares"]
[Date "2013.09.05"]
[Round "8"]
[White "Narciso Dublan, Marc"]
[Black "Rioboo de la Riva, Alvaro"]
[Result "1-0"]
[WhiteElo "2505"]
[BlackElo "2247"]
[PlyCount "87"]
[EventDate "2013.08.29"]
[EventType "swiss"]
[EventRounds "9"]
[EventCountry "ESP"]
[SourceTitle "CBM 156 Extra"]
[Source "ChessBase"]
[SourceDate "2013.10.22"]
[SourceVersion "1"]
[SourceVersionDate "2013.10.22"]
[SourceQuality "1"]

1. d4 Nf6 2. c4 g6 3. Nc3 Bg7 4. e4 d6 5. Be2 0-0 6. Nf3 e5 7. d5 a5 8. Bg5 Na6 9. Nd2 Bd7 10. 0-0 Qe8 11. b3 h6 12. Be3 b6 13. a3 Nh7 14. Qb1 f5 15. f3 f4 16. Bf2 Qe7 17. b4 Bf6 18. c5 dxc5 19. Bxa6 Rxa6 20. bxc5 g5 21. Qd3 Bc8 22. d6 Qd7 23. Nd5 bxc5 24. dxc7 Rc6 25. Qb3 Kh8 26. Nc4 g4 27. Nxf6 Rcxf6 28. Nxe5 Qxc7 29. Qc3 Kg8 30. Qxc5 Qg7 31. Bd4 gxf3 32. Nxf3 Ba6 33. Rf2 Qg6 34. Qd5+ Re6 35. Ne5 Qe8 36. Nd7 Bc4 37. Qxc4 Qxd7 38. Raf1 Rc8 39. Qa2 Ng5 40. Ba1 Nxe4 41. Rxf4 Qc6 42. Rg4+ Ng5 43. h4 Qc5+ 44. Bd4 1-0

[Event "ESP-ch rapid"]
[Site "Linares"]
[Date "2013.08.27"]
[Round "7"]
[White "Rioboo de la Riva, Alvaro"]
[Black "Ibarra Jerez, Jose Carlos"]
[Result "0-1"]
[WhiteElo "2247"]
[BlackElo "2538"]
[PlyCount "88"]
[EventDate "2013.08.26"]
[EventType "swiss (rapid)"]
[EventRounds "9"]
[EventCountry "ESP"]
[SourceTitle "CBM 156 Extra"]
[Source "ChessBase"]
[SourceDate "2013.10.22"]
[SourceVersion "1"]
[SourceVersionDate "2013.10.22"]
[SourceQuality "1"]

1. e4 g6 2. d4 Bg7 3. Nc3 a6 4. Be3 d6 5. Qd2 Nd7 6. h4 h5 7. Nf3 Ngf6 8. Bd3 Ng4 9. Bg5 c5 10. Nd5 f6 11. e5 Nf8 12. exf6 exf6 13. Qe2+ Kf7 14. Bd2 Ne6 15. 0-0-0 Re8 16. Qf1 Bd7 17. Ne3 b5 18. Be4 Rc8 19. Bd5 Kf8 20. Nxg4 hxg4 21. h5 gxf3 22. h6 Bh8 23. h7 Ng7 24. Bxf3 c4 25. Bf4 Be6 26. d5 Bf7 27. Kb1 g5 28. Bc1 Qd7 29. Rh6 Qf5 30. Rd4 Bg6 31. Bd1 Qe5 32. Rd2 Kf7 33. Qh1 Qe1 34. Qh3 c3 35. bxc3 Rc4 36. Qd7+ Qe7 37. Qh3 b4 38. Re2 Qd8 39. Rxe8 Qxe8 40. Bg4 Rxc3 41. Be6+ Nxe6 42. dxe6+ Kg7 43. Qh2 Rxc2 44. Rxg6+ Qxg6 0-1

[Event "Madrid-chT 1213 Honor"]
[Site "Madrid"]
[Date "2013.03.03"]
[Round "12.45"]
[White "Fernandez Garcia, Miguel Angel"]
[Black "Rioboo de la Riva, Alvaro"]
[Result "1-0"]
[WhiteElo "2307"]
[BlackElo "2233"]
[PlyCount "77"]
[EventDate "2012.11.18"]
[EventType "team"]
[EventRounds "14"]
[EventCountry "ESP"]
[SourceTitle "EXT 2014"]
[Source "ChessBase"]
[SourceDate "2013.11.20"]
[SourceVersion "1"]
[SourceVersionDate "2013.11.20"]
[SourceQuality "1"]
[WhiteTeam "Amigos del Retiro"]
[BlackTeam "Villalba 64"]
[WhiteTeamCountry "ESP"]
[BlackTeamCountry "ESP"]

1. d4 Nf6 2. c4 g6 3. Nc3 Bg7 4. e4 d6 5. Bd3 0-0 6. Nge2 Nc6 7. 0-0 e5 8. d5 Ne7 9. f3 Nd7 10. Bg5 a5 11. Qd2 f5 12. exf5 gxf5 13. Bh6 Nc5 14. Bxg7 Kxg7 15. f4 Ng6 16. Bc2 e4 17. b3 Kf7 18. a3 Rg8 19. Ng3 Qf6 20. Nb5 Bd7 21. Nxc7 Rac8 22. Ne6 Bxe6 23. dxe6+ Nxe6 24. Nxe4 fxe4 25. f5 Ke7 26. fxe6 Qe5 27. Rae1 Rcf8 28. Rf7+ Rxf7 29. exf7 Kxf7 30. Bxe4 Qc5+ 31. Kh1 Rf8 32. Qh6 Kg8 33. Bxg6 hxg6 34. Qxg6+ Kh8 35. h3 Qxa3 36. Qh6+ Kg8 37. Re7 Rf1+ 38. Kh2 Qc1 39. Qg6+ 1-0

[Event "Madrid-chT 1213 Honor"]
[Site "Madrid"]
[Date "2013.02.10"]
[Round "9.26"]
[White "Rioboo de la Riva, Alvaro"]
[Black "Moreno Torrero, Javier"]
[Result "1-0"]
[WhiteElo "2233"]
[BlackElo "2026"]
[PlyCount "91"]
[EventDate "2012.11.18"]
[EventType "team"]
[EventRounds "14"]
[EventCountry "ESP"]
[SourceTitle "EXT 2014"]
[Source "ChessBase"]
[SourceDate "2013.11.20"]
[SourceVersion "1"]
[SourceVersionDate "2013.11.20"]
[SourceQuality "1"]
[WhiteTeam "Villalba 64"]
[BlackTeam "Cafe Comercial"]
[WhiteTeamCountry "ESP"]
[BlackTeamCountry "ESP"]

1. e4 c5 2. Nc3 d6 3. f4 Nc6 4. Nf3 g6 5. Bb5 Bg7 6. 0-0 e6 7. d3 Nge7 8. Be3 0-0 9. Bxc6 Nxc6 10. Kh1 b6 11. d4 cxd4 12. Nxd4 Bb7 13. Rb1 Qe7 14. Qd3 Rac8 15. Rbe1 Rfd8 16. Nxc6 Bxc6 17. Bd2 Qb7 18. Rf2 b5 19. a3 a5 20. f5 b4 21. axb4 axb4 22. Nd1 d5 23. Qb3 dxe4 24. fxe6 Bd5 25. Qxb4 f5 26. Qxb7 Bxb7 27. Bb4 Bf6 28. Ne3 Re8 29. e7 Bxe7 30. Bxe7 Rxe7 31. Rd1 Rf7 32. g3 Rc5 33. c4 Ra5 34. h4 Kg7 35. Kh2 h6 36. Rdf1 Bc8 37. g4 Rb7 38. gxf5 gxf5 39. Kg3 Rb3 40. Kf4 Ra2 41. Rg1+ Kf7 42. Rfg2 Rbxb2 43. Rg7+ Ke8 44. Ke5 Ra5+ 45. Nd5 Ba6 46. Rg8+ 1-0

[Event "Almansa op 7th"]
[Site "Almansa"]
[Date "2012.08.09"]
[Round "5"]
[White "Rioboo de la Riva, Alvaro"]
[Black "Diaz Rodriguez, Jose Antonio"]
[Result "1-0"]
[WhiteElo "2236"]
[BlackElo "2087"]
[PlyCount "88"]
[EventDate "2012.08.07"]
[EventType "swiss"]
[EventRounds "9"]
[EventCountry "ESP"]
[SourceTitle "CBM 149 Extra"]
[Source "ChessBase"]
[SourceDate "2012.08.24"]
[SourceVersion "1"]
[SourceVersionDate "2012.08.24"]
[SourceQuality "1"]

1. e4 e6 2. Nf3 d5 3. e5 c5 4. b4 f6 5. bxc5 Bxc5 6. d4 Be7 7. Bd3 Nc6 8. 0-0 Nb4 9. Ba3 Nxd3 10. Qxd3 f5 11. c4 a6 12. cxd5 Qxd5 13. Nc3 Qa5 14. Bb2 Ba3 15. Bxa3 Qxa3 16. Nd2 b5 17. Qf3 Rb8 18. Nxb5 Qxf3 19. Nd6+ Ke7 20. Nxf3 Nh6 21. Rfc1 Rd8 22. Ng5 Bd7 23. Rab1 a5 24. h3 Rb4 25. Rxb4 axb4 26. Rc4 Ra8 27. Rxb4 Rxa2 28. Nxh7 Ra1+ 29. Kh2 Ra2 30. f3 Nf7 31. Nxf7 Kxf7 32. Rb7 Ke8 33. Ng5 Rd2 34. Rb8+ Ke7 35. Rg8 Rxd4 36. Rxg7+ Ke8 37. Kg3 Rd2 38. Nh7 Bb5 39. h4 Bf1 40. Kh3 Rf2 41. Kh2 Re2 42. h5 Rxe5 43. h6 f4 44. Nf6+ Kf8 1-0

[Event "Andalucia-ch"]
[Site "Lucena"]
[Date "2012.04.30"]
[Round "7"]
[White "Rioboo de la Riva, Alvaro"]
[Black "Cruz Ravina, Francisco Javier"]
[Result "0-1"]
[WhiteElo "2258"]
[BlackElo "2339"]
[PlyCount "144"]
[EventDate "2012.04.26"]
[EventType "swiss"]
[EventRounds "9"]
[EventCountry "ESP"]
[SourceTitle "EXT 2013"]
[Source "ChessBase"]
[SourceDate "2012.11.22"]
[SourceVersion "1"]
[SourceVersionDate "2012.11.22"]
[SourceQuality "1"]

1. c4 e5 2. g3 g6 3. Bg2 Bg7 4. Nc3 d6 5. d3 Nf6 6. Nf3 0-0 7. 0-0 Nc6 8. e4 Ne8 9. Nd5 f5 10. Bg5 Nf6 11. exf5 gxf5 12. d4 e4 13. Nh4 Ne7 14. Nxf6+ Bxf6 15. Bxf6 Rxf6 16. d5 Ng6 17. Qh5 Bd7 18. Rae1 Nxh4 19. Qxh4 Rf8 20. Qh6 Qf6 21. Qxf6 Rxf6 22. f3 exf3 23. Rxf3 Re8 24. Rxe8+ Bxe8 25. Kf2 Kg7 26. b4 Bd7 27. Bf1 f4 28. Rxf4 Rxf4+ 29. gxf4 b6 30. Bd3 h6 31. Kg3 Kf6 32. Kh4 Be8 33. Be4 Bf7 34. Kg4 Be8 35. Kf3 Bd7 36. Ke3 Kg7 37. Kd4 Kf6 38. Bd3 Kg7 39. Bf1 Kf6 40. Kc3 Bg4 41. Bd3 Bf5 42. Kd4 Bd7 43. Bc2 Bg4 44. Kc3 Bf5 45. Bd3 Bg4 46. Kd4 Bd7 47. Bc2 Bg4 48. a4 a5 49. c5 Be2 50. Bd3 Bd1 51. Kc4 Bxa4 52. bxa5 bxa5 53. c6 Kg7 54. Bf5 Bd1 55. Kb5 a4 56. Ka6 a3 57. Bb1 Bb3 58. Kb7 Bxd5 59. Kxc7 a2 60. Bxa2 Bxa2 61. Kxd6 Kf6 62. c7 Be6 63. Kc5 Kf5 64. Kd4 Kxf4 65. h4 h5 66. Kd3 Kg4 67. Ke3 Kxh4 68. Kf4 Bc8 69. Kf3 Kg5 70. Kg3 h4+ 71. Kg2 Kg4 72. Kh2 h3 0-1

[Event "Malaga op 14th"]
[Site "Malaga"]
[Date "2011.05.02"]
[Round "6"]
[White "Quillan, Gary"]
[Black "Rioboo de la Riva, Alvaro"]
[Result "1-0"]
[WhiteElo "2383"]
[BlackElo "2210"]
[PlyCount "73"]
[EventDate "2011.04.29"]
[EventType "swiss"]
[EventRounds "7"]
[EventCountry "ESP"]
[SourceTitle "CBM 142 Extra"]
[Source "ChessBase"]
[SourceDate "2011.06.27"]
[SourceVersion "1"]
[SourceVersionDate "2011.06.27"]
[SourceQuality "1"]

1. e4 e6 2. d4 d5 3. Nd2 Nf6 4. e5 Nfd7 5. c3 c5 6. Bd3 Nc6 7. Ne2 cxd4 8. cxd4 f6 9. exf6 Nxf6 10. 0-0 Bd6 11. Nf3 Qc7 12. Bg5 0-0 13. Rc1 h6 14. Bd2 g5 15. b4 a6 16. a4 Ng4 17. b5 axb5 18. axb5 Bxh2+ 19. Kh1 Qf7 20. Neg1 Bxg1 21. Nxg1 Qh5+ 22. Nh3 Ra3 23. Be3 Nb4 24. Be2 Nxe3 25. fxe3 Qe8 26. Bh5 Qe7 27. Rxf8+ Qxf8 28. Rc7 Qd8 29. Qc1 Ra1 30. Qxa1 Qxc7 31. Nf2 Qc2 32. Ng4 Na2 33. Kh2 Qc7+ 34. Ne5 Nc3 35. b6 Qxb6 36. Qxc3 Qd8 37. Qc2 1-0

[Event "Malaga op 14th"]
[Site "Malaga"]
[Date "2011.05.01"]
[Round "4"]
[White "Camacho Collados, Jose"]
[Black "Rioboo de la Riva, Alvaro"]
[Result "0-1"]
[WhiteElo "2380"]
[BlackElo "2210"]
[PlyCount "172"]
[EventDate "2011.04.29"]
[EventType "swiss"]
[EventRounds "7"]
[EventCountry "ESP"]
[SourceTitle "CBM 142 Extra"]
[Source "ChessBase"]
[SourceDate "2011.06.27"]
[SourceVersion "1"]
[SourceVersionDate "2011.06.27"]
[SourceQuality "1"]

1. g3 e5 2. c4 Nc6 3. Bg2 g6 4. Nc3 Bg7 5. Rb1 a5 6. a3 Nf6 7. b4 axb4 8. axb4 0-0 9. Nf3 d6 10. 0-0 h6 11. b5 Ne7 12. c5 e4 13. cxd6 Qxd6 14. Ne1 Ned5 15. Bb2 Rd8 16. Nc2 Be6 17. Qc1 Nxc3 18. Bxc3 Ba2 19. Rb2 Re8 20. Nb4 Bc4 21. d3 Bxb5 22. Rd1 Ba4 23. Nc2 Rad8 24. Qa1 Bc6 25. Rbb1 Nh5 26. Bxg7 Nxg7 27. dxe4 Qc5 28. Rxd8 Rxd8 29. Nb4 Re8 30. Nd3 Qe7 31. Rb4 Rd8 32. Qc3 Ne6 33. h4 Nf8 34. Rc4 Ne6 35. Ne5 Bb5 36. Rb4 Rd1+ 37. Kh2 c6 38. Ng4 h5 39. Nf6+ Kf8 40. e3 Qc5 41. Qb3 Rd2 42. Qb1 Qc3 43. e5 Qxe5 44. Qc1 Rd8 45. Ne4 f5 46. Qa3 Kf7 47. Ng5+ Nxg5 48. hxg5 Qe7 49. f4 Rd3 50. Qa2+ Kg7 51. Qb2+ Kh7 52. e4 Qc5 53. exf5 gxf5 54. Qf6 Qe3 55. Qf7+ Kh8 56. Qxh5+ Kg8 57. Qg6+ Kh8 58. Qf6+ Kg8 59. Qg6+ Kh8 60. Qh6+ Kg8 61. Qh3 Rd7 62. g6 Qe6 63. Qh5 Rg7 64. Rd4 Qxg6 65. Rd8+ Kf7 66. Rd7+ Ke6 67. Qxg6+ Rxg6 68. Rxb7 Kd6 69. Rf7 Bd3 70. Bh3 Rh6 71. Kg2 Be4+ 72. Kh2 c5 73. Ra7 Kd5 74. Rd7+ Kc6 75. Re7 c4 76. g4 fxg4 77. Rxe4 Kd5 78. Re8 Rxh3+ 79. Kg2 Rf3 80. Rf8 Ke4 81. Rd8 c3 82. Rc8 Kd3 83. Rd8+ Ke2 84. Re8+ Kd2 85. Rd8+ Rd3 86. Rc8 c2 0-1

[Event "Andalucia-ch U18"]
[Site "Almeria"]
[Date "2011.04.17"]
[Round "3.3"]
[White "Rioboo de la Riva, Alvaro"]
[Black "Valhondo Morales, Ruben"]
[Result "1/2-1/2"]
[WhiteElo "2210"]
[BlackElo "1963"]
[PlyCount "63"]
[EventDate "2011.04.16"]
[EventType "swiss"]
[EventRounds "8"]
[EventCountry "ESP"]
[SourceTitle "EXT 2024"]
[Source "ChessBase"]
[SourceDate "2023.10.10"]
[SourceVersion "1"]
[SourceVersionDate "2023.10.10"]
[SourceQuality "1"]

1. c4 e5 2. Nc3 Nf6 3. g3 d5 4. cxd5 Nxd5 5. Bg2 Nb6 6. d3 Nc6 7. Bxc6+ bxc6 8. Nf3 Bd6 9. b3 0-0 10. Bb2 Qe7 11. Qc2 Bd7 12. 0-0-0 Rfe8 13. Nd2 a5 14. Nc4 Nd5 15. Na4 Nb4 16. Qb1 Bf5 17. a3 Na6 18. Nxa5 Bxa3 19. Nxc6 Bxb2+ 20. Qxb2 Qd6 21. Na5 Nc5 22. Nc4 Qc6 23. Nxc5 Qxc5 24. b4 Qb5 25. Kd2 Ra4 26. Rb1 e4 27. Rhe1 exd3 28. exd3 Rd8 29. Re3 h6 30. Qc3 c5 31. Na3 Qc6 32. bxc5 1/2-1/2

[Event "Roquetas de Mar op 22nd"]
[Site "Roquetas de Mar"]
[Date "2011.01.03"]
[Round "2"]
[White "Rioboo de la Riva, Alvaro"]
[Black "Peralta, Fernando"]
[Result "0-1"]
[WhiteElo "2178"]
[BlackElo "2603"]
[PlyCount "68"]
[EventDate "2011.01.02"]
[EventType "swiss"]
[EventRounds "9"]
[EventCountry "ESP"]
[SourceTitle "CBM 140 Extra"]
[Source "ChessBase"]
[SourceDate "2011.03.01"]
[SourceVersion "1"]
[SourceVersionDate "2011.03.01"]
[SourceQuality "1"]

1. e4 c6 2. d4 d5 3. exd5 cxd5 4. Bd3 Nc6 5. c3 Qc7 6. Ne2 Bg4 7. 0-0 e6 8. Bf4 Bd6 9. Bxd6 Qxd6 10. Nd2 Nf6 11. Qe1 Bh5 12. f4 0-0 13. Ng3 Bg6 14. Qe2 Rfe8 15. Rae1 Rab8 16. Bxg6 hxg6 17. h4 Ne7 18. Nh1 b5 19. a3 a5 20. b4 Rec8 21. Rc1 axb4 22. axb4 Ra8 23. Qxb5 Nf5 24. g3 Ra3 25. Qd3 Ne4 26. Nxe4 dxe4 27. Qd2 Qd5 28. Rfe1 Ra2 29. c4 Rxd2 30. cxd5 Rxc1 31. Rxc1 exd5 32. Rb1 Nxd4 33. b5 Nf3+ 34. Kf1 e3 0-1

[Event "ESP-ch U16"]
[Site "Linares"]
[Date "2010.07.20"]
[Round "1"]
[White "Rioboo de la Riva, Alvaro"]
[Black "Sanchez Dengra, Barbara"]
[Result "1-0"]
[WhiteElo "2173"]
[BlackElo "1793"]
[PlyCount "45"]
[EventDate "2010.07.20"]
[EventType "swiss"]
[EventRounds "9"]
[EventCountry "ESP"]
[SourceTitle "CBM 137 Extra"]
[Source "ChessBase"]
[SourceDate "2010.09.01"]
[SourceVersion "1"]
[SourceVersionDate "2010.09.01"]
[SourceQuality "1"]

1. e4 c6 2. c4 e5 3. Nc3 d6 4. Nge2 Be7 5. g3 Nf6 6. Bg2 0-0 7. 0-0 Be6 8. d3 Na6 9. b3 d5 10. cxd5 cxd5 11. d4 exd4 12. Nxd4 Bg4 13. f3 Bc8 14. e5 Nd7 15. f4 Nb6 16. Bb2 Nc7 17. Kh1 Ne6 18. Nf5 Nc7 19. Nxe7+ Qxe7 20. Qd2 Bd7 21. f5 Qxe5 22. Nxd5 Qd6 23. Nf6+ 1-0

[Event "Seville op 35th"]
[Site "Seville"]
[Date "2010.01.16"]
[Round "9"]
[White "Fernandez Romero, Ernesto"]
[Black "Rioboo de la Riva, Alvaro"]
[Result "1-0"]
[WhiteElo "2458"]
[BlackElo "2186"]
[PlyCount "111"]
[EventDate "2010.01.08"]
[EventType "swiss"]
[EventRounds "9"]
[EventCountry "ESP"]
[SourceTitle "CBM 134 Extra"]
[Source "ChessBase"]
[SourceDate "2010.03.03"]
[SourceVersion "1"]
[SourceVersionDate "2010.03.03"]
[SourceQuality "1"]

1. d4 Nf6 2. c4 g6 3. Nc3 Bg7 4. e4 d6 5. Be2 0-0 6. Be3 Nc6 7. d5 Ne5 8. h3 e6 9. Nf3 Nxf3+ 10. Bxf3 Nd7 11. Qd2 a6 12. 0-0 exd5 13. Nxd5 c6 14. Nc3 Ne5 15. Be2 f5 16. Rad1 fxe4 17. Bg5 Qb6 18. Nxe4 d5 19. Be3 Qd8 20. Bc5 Re8 21. cxd5 Nf7 22. Nc3 Qh4 23. d6 Bd7 24. f4 b5 25. Bd3 Re6 26. Bc2 Rae8 27. Rf2 Qh5 28. b4 Kf8 29. Rdf1 a5 30. a3 Bh6 31. Bd1 Qh4 32. Bg4 axb4 33. axb4 Kg8 34. Qa2 Qf6 35. Ne2 Bf8 36. Bxe6 Bxe6 37. Qd2 Rd8 38. f5 gxf5 39. Bd4 Rxd6 40. Qc3 Qd8 41. Bf6 Rd3 42. Qa1 Qd6 43. Nf4 Re3 44. Bd4 Re4 45. Bc5 Bg7 46. Qa8+ Qd8 47. Qxc6 Bc4 48. Nh5 Ne5 49. Qb7 Nf7 50. Rxf5 Re2 51. Nxg7 Kxg7 52. Rxf7+ Bxf7 53. Qxf7+ Kh8 54. Qf8+ Qxf8 55. Rxf8+ Kg7 56. Rb8 1-0